Movies Quiz

Random Movies or Play Quiz

Tom Cruise Military Movie Characters Quiz Stats

 Plays Quiz not verified by Sporcle

Also try: 5-Star Actors II
Challenge
Share
Tweet
Embed
Score 0/11 Timer 03:00
0 Plays Today
Character Answer % Correct
Lt. Pete 'Maverick' MitchellTop Gun
92.9%
Jack ReacherJack Reacher
76.2%
Lt. Daniel KaffeeA Few Good Men
73.8%
Col. Claus von StauffenbergValkyrie
71.4%
Maj. William CageEdge of Tomorrow
42.9%
Brian FlanaganCocktail
35.7%
Ron KovicBorn on the Fourth of July
35.7%
Jack ReacherJack Reacher: Never Go Back
26.2%
Jack HarperOblivion
26.2%
Nathan AlgrenThe Last Samurai
21.4%
Sgt. Nick MortonThe Mummy
16.7%

You're not logged in!

Compare scores with friends on all Sporcle quizzes.
Join for Free
OR
Log In

You Might Also Like...

Show Comments

Extras

Top Quizzes Today


Score Distribution

Your Account Isn't Verified!

In order to create a playlist on Sporcle, you need to verify the email address you used during registration. Go to your Sporcle Settings to finish the process.

Report this User

Report this user for behavior that violates our Community Guidelines.

Details: